000 00286nam a22001337a 4500
008 171023b xxu||||| |||| 00| 0 eng d
020 _a0138508925
041 _aeng
080 _a658
100 _a54
101 _aLID
245 _aTHE STRATEGY PROCESS
_cQUINN,J,B
942 _2udc
_cBK
999 _c35391
_d35391